Fleuves de France - Statistiques

Statistiques générales
  • Ce quiz a été pris 4 259 fois
  • Le résultat moyen est 4 sur 5
Statistiques - réponses
Hint Réponse % Correct
2 Seine
84%
3 Rhône
75%
1 Loire
71%
4 Rhin
64%
5 Garonne
58%
Aucun quiz correspondant
Distribution des résultats
% des personnes avec chaque résultat
Percentile par nombre de réponses
Votre historique - résultats
Vous n’avez pas pris ce quiz